Acto administrativo: teoría general
Guardat en:
| Autor principal: | |
|---|---|
| Format: | Llibre |
| Idioma: | espanyol |
| Publicat: |
Bogotá
Legis
2004
|
| Edició: | 3a. ed |
| Col·lecció: | Literatura Jurídica
|
| Matèries: | |
| Etiquetes: |
Afegir etiqueta
Sense etiquetes, Sigues el primer a etiquetar aquest registre!
|
MARC
| LEADER | 00000nam a2200000 a 4500 | ||
|---|---|---|---|
| 001 | UCK7990 | ||
| 003 | CL-VaPUC | ||
| 008 | 060105e20040000CK |||||||||||||||||spa|d | ||
| 020 | |a 9586533743 | ||
| 082 | 0 | 4 | |a 342.066 |b SAN |2 21 |
| 100 | 0 | |a Sánchez Torres, Carlos Ariel |e author |9 497738 | |
| 245 | 1 | 0 | |a Acto administrativo: teoría general |
| 250 | |a 3a. ed | ||
| 300 | |a 510 p | ||
| 942 | |c BK | ||
| 945 | |d 20060105 00:00:00 |a jtorresc | ||
| 260 | |a Bogotá |b Legis |c 2004 | ||
| 650 | 0 | |a Derecho administrativo |9 254851 | |
| 650 | 0 | |a Ordenamiento jurídico |9 355371 | |
| 650 | 0 | |a Filosofía del derecho |9 255050 | |
| 650 | 0 | |a Actos administrativos |9 256128 | |
| 583 | |a last modification |c 20170406 10:03:57 |k Rodrigo Vera | ||
| 490 | 0 | |a Literatura Jurídica | |
| 999 | |c 315828 |d 315826 | ||
| 952 | |0 0 |1 0 |4 0 |6 342_066000000000000_SAN_2004 |7 0 |8 A |9 389611 |a BIBDER |b BIBDER |d 2019-11-22 |i 4196910 |o 342.066 SAN 2004 |p 4196910 |r 2023-01-25 |w 2019-11-22 |y BK |k DER | ||